Pet The Good Cats - Sudden Death - Statistics

General Stats
  • This quiz has been taken 1,300 times
  • The average score is 7 of 27
Answers on the Grid
Answers color-coded by a green-red scale on the quiz's grid according to % correct below.
 
Answer Stats
Answer % Correct
32%
30%
30%
30%
30%
29%
29%
29%
29%
29%
28%
28%
28%
28%
27%
27%
27%
27%
26%
26%
26%
26%
26%
26%
25%
24%
22%
No matching quizzes found
Score Distribution
Percent of People with Each Score
Percentile by Number Answered
Your Score History
You have not taken this quiz